000 00516nam a2200169 4500
001 4790
005 20181127174125.0
090 0 0 _a330 E1929r 2015
245 0 0 _aEco 202
_bcoursepack /
_cRoyal Thimphu College.
_h
260 0 0 _aThimphu :
_bRoyal Thimphu College,
_c2015.
300 0 0 _a193 p.
500 _a""""""""Royal Thimphu College, Thimphu""""""""
500 _a"""For ECO 202 program use only"""
500 _aECO 202 Course Pack for Fall 2015-
500 _aXerographic copy in a binder.
650 0 0 _aEconomic.
_x
999 _c3975
_d3975